Opplysningstiden - Den franske revolusjonen - Statistics

General Stats
  • This quiz has been taken 106 times
  • The average score is 11 of 22
Answer Stats
Hint Answer % Correct
Styreform der kongen (eller en monark med annen tittel) har all makt Enevelde
100%
Styreform der kongens makt er begrenset av en grunnlov Konstitusjonelt monarki
80%
Kongen som innførte enevelde i Frankrike på 1600-tallet Ludvig 14. (fransk: Louis XIV)
70%
Styreform uten konge, men med president (som oftest) som statssjef Republikk
70%
Noe som opplysningstidens revolusjonære var særlig opptatt av og hevdet at alle mennesker hadde/skulle ha Borgerrettigheter (aka naturlige rettigheter/menneskerettigheter)
60%
Et rettighetsbasert samfunn basert på opplysningstidens tankegods, der alle er frie og like (med like rettigheter og lik rett til politisk medbestemmelse) Liberalt demokrati
60%
Prinsippet fra opplysningstidens tankegods som hindrer en institusjon fra å ha for mye makt Maktfordeling
60%
Et samfunn der geistlige og adel har privilegier som resten ikke har, så det er ikke likhet for loven Stendersamfunn
60%
Dato (dag, måned, årstall) for stormingen av Bastillen (Bastilldagen) 14. juli 1789
50%
Det som gjorde slutt på eneveldet (aka det gamle regimet) i Frankrike Den franske revolusjonen
50%
Prinsippet som sier at statens makt kommer fra folket og at staten skal tjene dem, et grunnprinsipp i den moderne nasjonalstaten Folkesuverenitet
50%
Et synonym for og det vanligste navnet på en lovgivende forsamling, oppstod i Storbritannia Parlament
50%
De tre statsmaktene ifølge det ovennevnte prinsippet Utøvende, lovgivende og dømmende
50%
Den viktigste av ovennevnte Ytringsfrihet (og religionsfrihet)
50%
Eden som representanter for ovennevnte tok for å love å gi Frankrike en grunnlov Ballhuseden
40%
Ord som egentlig innebærer svak konge og sterke adelsmenn, men som noen bruker om makten lensherrer har over bøndene (som de delvis fortsatt hadde) Føydalisme
40%
Generalen som tok over Frankrike og gjorde seg til eneveldig keiser, selv om han fortsatt trodde på (noen av) revolusjonens idealer Napoleon
40%
Den lovgivende forsamlingen som de revolusjonære i praksis styrte landet med Nasjonalforsamlingen
40%
Utenom de geistlige og adel bestod landet av følgende Tredjestanden
40%
Lovboken fra 1804 som garanterte likhet for loven, religionsfrihet og eiendomsrett, men som umyndiggjorde kvinner Code Napoleon
30%
En veldig langsiktig konsekvens av den franske revolusjonen Demokratisering i Europa
20%
Det store rettighetsdokumentet skrevet av de franske revolusjonære i 1789 Erklæringen om menneskets og borgerens rettigheter
20%
No matching quizzes found
Score Distribution
Percent of People with Each Score
Percentile by Number Answered
Your Score History
You have not taken this quiz